000 00478nam a22001577a 4500
020 _a9780072973136
040 _cNUST
082 _a604.2 BER
100 _aBertoline, Gary R
_97936
110 _aWiebe, Eric N Miller, Craig L Nasman, Leonard O
_9114004
245 _aFundamentals of Graphics Communication
250 _a4th Edition
260 _aBoston:
_bMcGraw-Hill Higher Education,
_c2005.
650 _aFundamentals of Graphics Communication
_9113213
942 _2ddc
_cBK
999 _c595404
_d595404